Deutsche Städte nach Sehenswürdigkeiten - Statistiken

Allgemein
  • Dieses Quiz wurde 146 mal gespielt
  • Das Durchschnittsergebnis liegt bei 11 aus 16
Antwortstatistiken
Bildquiz Antwort % Korrekt
Hamburg
98%
Köln
98%
Berlin
96%
München
95%
Wuppertal
89%
Dresden
82%
Essen
81%
Trier
70%
Potsdam
66%
Nürnberg
64%
Frankfurt am Main
63%
Leipzig
62%
Stuttgart
60%
Mainz
37%
Rostock
33%
Hanover
5%
Keine übereinstimmenden Quizze gefunden
Verteilung der Resultate
Anzahl Personen mit jedem Resultat
Perzentil nach korrekt beantworteten Fragen
Ihre Resultats-Entwicklung
Sie haben dieses Quiz noch nicht gespielt